[Event "SUI-chT"]
[Site "Switzerland"]
[Date "2019.09.07"]
[Round "6.8"]
[White "Vianin, Pascal"]
[Black "Vuilleumier, Alexandre"]
[Result "0-1"]
[WhiteElo "2117"]
[BlackElo "2352"]
[PlyCount "72"]
[EventDate "2019.03.10"]
[EventType "team-tourn"]
[EventRounds "9"]
[EventCountry "SUI"]
[SourceTitle "EXT 2020"]
[Source "ChessBase"]
[SourceDate "2019.10.17"]
[SourceVersion "1"]
[SourceVersionDate "2019.10.17"]
[SourceQuality "1"]
[WhiteTeam "Echallens"]
[BlackTeam "Geneve"]
[WhiteTeamCountry "SUI"]
[BlackTeamCountry "SUI"]

1. e4 c5 2. Nf3 e6 3. Qe2 Nc6 4. g3 Be7 5. Bg2 Nf6 6. 0-0 d5 7. d3 b6 8. e5 Nd7 9. c4 d4 10. Re1 Bb7 11. Na3 0-0 12. h4 a6 13. Nb1 b5 14. Nbd2 Nb4 15. Rd1 Qc7 16. a3 Nc6 17. Re1 Nb6 18. b3 bxc4 19. bxc4 Na4 20. Nf1 Na5 21. Qc2 Bc6 22. Bd2 Nb7 23. h5 Rfb8 24. Rab1 Nd8 25. N1h2 h6 26. Ng4 Kh7 27. Rxb8 Rxb8 28. Qc1 Bf8 29. Bxh6 gxh6 30. Nf6+ Kh8 31. Qf4 Nc3 32. g4 Rb1 33. Qd2 Bxf3 34. Rxb1 Nxb1 35. Qf4 Bxg2 36. Ne8 Qe7 0-1

[Event "Francophonie-ch blitz 7th"]
[Site "Paris"]
[Date "2019.08.10"]
[Round "11"]
[White "Vuilleumier, Alexandre"]
[Black "Sebag, Marie"]
[Result "1/2-1/2"]
[WhiteElo "2364"]
[BlackElo "2450"]
[PlyCount "111"]
[EventDate "2019.08.10"]
[EventType "swiss (blitz)"]
[EventRounds "11"]
[EventCountry "FRA"]
[SourceTitle "CBM 191 Extra"]
[Source "ChessBase"]
[SourceDate "2019.09.30"]
[SourceVersion "1"]
[SourceVersionDate "2019.09.30"]
[SourceQuality "1"]

1. Nf3 d5 2. d4 Nf6 3. g3 c6 4. Bg2 Bf5 5. 0-0 e6 6. c4 h6 7. Qb3 Qb6 8. Nc3 Nbd7 9. Bf4 Be7 10. h3 0-0 11. g4 Bg6 12. c5 Qa6 13. Qa4 Qxa4 14. Nxa4 Ne4 15. Rfc1 Rfe8 16. e3 f6 17. Bh2 Bd8 18. Nh4 Bh7 19. f3 Ng5 20. Kf2 f5 21. Bg3 fxg4 22. hxg4 e5 23. Nc3 Bf6 24. Ne2 Ne6 25. Nf5 Bxf5 26. gxf5 Nd8 27. Rab1 Nf7 28. b4 a6 29. a4 Re7 30. Rc2 Rae8 31. b5 axb5 32. axb5 exd4 33. exd4 Rxe2+ 34. Rxe2 Bxd4+ 35. Kf1 Rxe2 36. Kxe2 Bxc5 37. bxc6 bxc6 38. Rb7 Nde5 39. f4 Nc4 40. Rc7 Ne3 41. Bf2 Nxg2 42. Bxc5 Nxf4+ 43. Kf3 Nd3 44. Bd4 Nde5+ 45. Kf4 Nd3+ 46. Ke3 Nde5 47. Kf4 Nd3+ 48. Ke3 Nde5 49. Bxe5 Nxe5 50. Kd4 Nf3+ 51. Ke3 Ne5 52. Kf4 Nd3+ 53. Ke3 Ne5 54. Kf4 Nd3+ 55. Ke3 Ne5 56. Kf4 1/2-1/2

[Event "Karlsruhe Grenke op"]
[Site "Karlsruhe"]
[Date "2019.04.21"]
[Round "6"]
[White "Schelle, Artur"]
[Black "Vuilleumier, Alexandre"]
[Result "0-1"]
[WhiteElo "2168"]
[BlackElo "2354"]
[PlyCount "44"]
[EventDate "2019.04.18"]
[EventType "swiss"]
[EventRounds "9"]
[EventCountry "GER"]
[SourceTitle "CBM 189 Extra"]
[Source "ChessBase"]
[SourceDate "2019.06.03"]
[SourceVersion "1"]
[SourceVersionDate "2019.06.03"]
[SourceQuality "1"]

1. d4 d6 2. Nc3 Nf6 3. e4 e5 4. dxe5 dxe5 5. Qxd8+ Kxd8 6. Bg5 Be6 7. 0-0-0+ Nbd7 8. f4 exf4 9. Nf3 h6 10. Bxf4 Bb4 11. Nb5 Ba5 12. Nbd4 Ke7 13. Nf5+ Kf8 14. N3d4 Nc5 15. Nxe6+ fxe6 16. Nh4 Kf7 17. Bd3 Nxd3+ 18. cxd3 Rhe8 19. Nf3 Kg8 20. Ne5 Bb6 21. Rhf1 Rad8 22. g4 Bd4 0-1

[Event "Karlsruhe Grenke op"]
[Site "Karlsruhe"]
[Date "2019.04.19"]
[Round "3"]
[White "Vuilleumier, Alexandre"]
[Black "Svane, Rasmus"]
[Result "0-1"]
[WhiteElo "2354"]
[BlackElo "2605"]
[PlyCount "90"]
[EventDate "2019.04.18"]
[EventType "swiss"]
[EventRounds "9"]
[EventCountry "GER"]
[SourceTitle "CBM 189 Extra"]
[Source "ChessBase"]
[SourceDate "2019.06.03"]
[SourceVersion "1"]
[SourceVersionDate "2019.06.03"]
[SourceQuality "1"]

1. Nf3 d5 2. d4 Nf6 3. g3 Bf5 4. Bg2 e6 5. 0-0 h6 6. c4 c6 7. Nc3 Nbd7 8. cxd5 exd5 9. Nh4 Bh7 10. e4 dxe4 11. Re1 Bb4 12. Qb3 Qb6 13. Bxe4 Nxe4 14. Nxe4 0-0 15. Bd2 Be7 16. Nf3 Rfd8 17. Bf4 Qxb3 18. axb3 Bb4 19. Bd2 Bxe4 20. Rxe4 Bxd2 21. Nxd2 Nf6 22. Rf4 Nd5 23. Re4 Nf6 24. Rf4 Nd5 25. Re4 a6 26. Rae1 Nf6 27. Re7 Rab8 28. Nf3 Kf8 29. Kf1 Nd5 30. R7e4 Rd6 31. h4 Rbd8 32. R1e2 Nc7 33. Re7 R6d7 34. Rxd7 Rxd7 35. Re4 Ne6 36. Ke2 Rd5 37. Ke3 Rb5 38. Nd2 c5 39. dxc5 Nxc5 40. Re5 b6 41. Kd4 Nxb3+ 42. Nxb3 Rxb3 43. Re2 a5 44. Kd5 g6 45. Kc4 a4 0-1

[Event "Bunratty Masters op 25th"]
[Site "Bunratty"]
[Date "2018.02.25"]
[Round "5"]
[White "Doggers, Peter"]
[Black "Vuilleumier, Alexandre"]
[Result "0-1"]
[WhiteElo "2171"]
[BlackElo "2345"]
[PlyCount "32"]
[EventDate "2018.02.23"]
[EventType "swiss"]
[EventRounds "6"]
[EventCountry "IRL"]
[SourceTitle "CBM 183 Extra"]
[Source "ChessBase"]
[SourceDate "2018.04.19"]
[SourceVersion "1"]
[SourceVersionDate "2018.04.19"]
[SourceQuality "1"]

1. e4 d6 2. d4 Nf6 3. Nc3 e5 4. Nf3 exd4 5. Nxd4 g6 6. Bg5 Bg7 7. Qd2 h6 8. Bf4 g5 9. Bg3 Nh5 10. 0-0-0 0-0 11. Bc4 Nc6 12. Nxc6 bxc6 13. Ne2 Qf6 14. c3 Be6 15. Qd3 Nxg3 16. Nxg3 Qxf2 0-1

[Event "Bunratty Masters op 25th"]
[Site "Bunratty"]
[Date "2018.02.23"]
[Round "1"]
[White "Vogel, Constantin"]
[Black "Vuilleumier, Alexandre"]
[Result "0-1"]
[WhiteElo "2026"]
[BlackElo "2345"]
[PlyCount "102"]
[EventDate "2018.02.23"]
[EventType "swiss"]
[EventRounds "6"]
[EventCountry "IRL"]
[SourceTitle "CBM 183 Extra"]
[Source "ChessBase"]
[SourceDate "2018.04.19"]
[SourceVersion "1"]
[SourceVersionDate "2018.04.19"]
[SourceQuality "1"]

1. c4 e5 2. g3 Nf6 3. Bg2 h6 4. Nc3 Bb4 5. Qc2 0-0 6. a3 Bxc3 7. Qxc3 Re8 8. d3 d5 9. cxd5 Nxd5 10. Qb3 c6 11. Nf3 a5 12. e4 a4 13. Qc2 Nc7 14. Be3 Bg4 15. Nd2 Nb5 16. h3 Be6 17. 0-0 Na6 18. Kh2 Nac7 19. f4 exf4 20. gxf4 f5 21. Nc4 Nd4 22. Qf2 Nb3 23. Rad1 Nb5 24. Ne5 N5d4 25. Rg1 Ra5 26. exf5 Bxf5 27. Be4 Rf8 28. Qg3 Qc7 29. Rg2 Rxe5 30. fxe5 Bxe4 31. dxe4 Rf3 32. Qxg7+ Qxg7 33. Bxd4 Nxd4 34. Rxg7+ Kxg7 35. Rxd4 Rf2+ 36. Kg3 Rxb2 37. Rxa4 Kf7 38. Kf4 Ke6 39. Rd4 Rf2+ 40. Kg3 Ra2 41. a4 Kxe5 42. Rb4 c5 43. Rxb7 Kxe4 44. Rh7 c4 45. Rxh6 c3 46. Rc6 Kd3 47. h4 Rxa4 48. h5 c2 49. h6 Ra6 50. Rc8 Rxh6 51. Kf2 Rh1 0-1

[Event "SUI-chT"]
[Site "Switzerland"]
[Date "2017.05.14"]
[Round "4.5"]
[White "Georgiadis, Ioannis"]
[Black "Vuilleumier, Alexandre"]
[Result "1/2-1/2"]
[WhiteElo "2495"]
[BlackElo "2345"]
[PlyCount "62"]
[EventDate "2017.03.19"]
[EventType "team-swiss"]
[EventRounds "9"]
[EventCountry "SUI"]
[SourceTitle "EXT 2018"]
[Source "ChessBase"]
[SourceDate "2017.10.13"]
[SourceVersion "1"]
[SourceVersionDate "2017.10.13"]
[SourceQuality "1"]
[WhiteTeam "Riehen"]
[BlackTeam "Geneve"]
[WhiteTeamCountry "SUI"]
[BlackTeamCountry "SUI"]

1. e4 c5 2. Nf3 d6 3. Bb5+ Bd7 4. Bxd7+ Qxd7 5. c4 Nf6 6. Nc3 g6 7. d4 cxd4 8. Nxd4 Bg7 9. h3 0-0 10. Be3 Rc8 11. b3 a6 12. a4 Nc6 13. 0-0 Qd8 14. Nde2 Nd7 15. Rb1 Nc5 16. Qd2 Nb4 17. Rfd1 b6 18. f3 Qc7 19. Nd4 Qb7 20. Nd5 Nxd5 21. cxd5 Nd7 22. Rdc1 Rxc1+ 23. Rxc1 Bxd4 24. Bxd4 Rc8 25. Bb2 f6 26. Kh2 Rc7 27. b4 Qc8 28. Rxc7 Qxc7 29. Qd3 Qc8 30. f4 Kf7 31. g4 a5 1/2-1/2

[Event "SUI-chT"]
[Site "Switzerland"]
[Date "2017.04.09"]
[Round "2.8"]
[White "Gruenenwald, Joerg"]
[Black "Vuilleumier, Alexandre"]
[Result "1-0"]
[WhiteElo "2324"]
[BlackElo "2345"]
[PlyCount "101"]
[EventDate "2017.03.19"]
[EventType "team-swiss"]
[EventRounds "9"]
[EventCountry "SUI"]
[SourceTitle "EXT 2018"]
[Source "ChessBase"]
[SourceDate "2017.10.13"]
[SourceVersion "1"]
[SourceVersionDate "2017.10.13"]
[SourceQuality "1"]
[WhiteTeam "Zuerich"]
[BlackTeam "Geneve"]
[WhiteTeamCountry "SUI"]
[BlackTeamCountry "SUI"]

1. d4 d6 2. e4 Nf6 3. f3 d5 4. e5 Nfd7 5. f4 c5 6. c3 e6 7. Be3 b6 8. Nf3 Be7 9. Na3 0-0 10. Nc2 Ba6 11. Bxa6 Nxa6 12. Qe2 Qc8 13. 0-0 Nc7 14. Rad1 Qa6 15. Qxa6 Nxa6 16. g4 b5 17. f5 Rfc8 18. dxc5 Ndxc5 19. Nfd4 Rab8 20. fxe6 fxe6 21. a3 Na4 22. Nxe6 Nxb2 23. Rxd5 Rb7 24. Bd4 h6 25. Rb1 Na4 26. Rdxb5 Rxb5 27. Rxb5 Nxc3 28. Bxc3 Rxc3 29. Ncd4 Nc5 30. Kg2 Nxe6 31. Nxe6 Rc6 32. Rb8+ Kf7 33. Nd4 Rc4 34. Nf5 Rxg4+ 35. Kf3 Rg5 36. Ke4 g6 37. Nxe7 Kxe7 38. Kd5 Rg2 39. Rb7+ Kd8 40. h4 a5 41. Rh7 Rg3 42. Rxh6 Rxa3 43. Rxg6 Rh3 44. Kd6 Ke8 45. Ke6 Kf8 46. Rf6+ Ke8 47. Rf4 Rb3 48. Kf6 Rb7 49. e6 Rh7 50. Rc4 Rh6+ 51. Ke5 1-0

[Event "Gibraltar Masters 15th"]
[Site "Caleta"]
[Date "2017.02.01"]
[Round "9"]
[White "Vuilleumier, Alexandre"]
[Black "Kantor, Gergely"]
[Result "0-1"]
[WhiteElo "2347"]
[BlackElo "2448"]
[PlyCount "92"]
[EventDate "2017.01.24"]
[EventType "swiss"]
[EventRounds "10"]
[EventCountry "GGB"]
[SourceTitle "CBM 177"]
[Source "ChessBase"]
[SourceDate "2017.03.16"]
[SourceVersion "1"]
[SourceVersionDate "2017.03.16"]
[SourceQuality "1"]

1. e4 e5 2. Nf3 Nc6 3. Nc3 Nf6 4. Bb5 Bc5 5. Nxe5 Nxe5 6. d4 Bd6 7. f4 Neg4 8. e5 Bb4 9. 0-0 0-0 10. Qf3 c6 11. Bd3 Re8 12. Ne2 d6 13. exf6 Nxf6 14. f5 d5 15. c3 Bd6 16. Bg5 h6 17. Bh4 Bc7 18. g4 Qd6 19. Bg3 Qe7 20. Bxc7 Qxc7 21. Ng3 c5 22. h4 cxd4 23. cxd4 Qb6 24. Qf4 Ne4 25. Bxe4 Qxd4+ 26. Rf2 dxe4 27. g5 Qe5 28. Qe3 h5 29. Rd1 b6 30. g6 fxg6 31. Qb3+ Kh8 32. Rd5 Qe7 33. fxg6 Bg4 34. Rf7 Qe6 35. Nxh5 Bf3 36. Rg5 Qh3 37. Rxg7 Qh1+ 38. Kf2 e3+ 39. Qxe3 Qxh4+ 40. Kf1 Qh3+ 41. Kf2 Qh2+ 42. Kf1 Be2+ 43. Ke1 Qh4+ 44. Kd2 Rad8+ 45. Kc2 Qc4+ 46. Qc3 Qe4+ 0-1

[Event "Gibraltar Masters 15th"]
[Site "Caleta"]
[Date "2017.01.24"]
[Round "1"]
[White "Adams, Michael"]
[Black "Vuilleumier, Alexandre"]
[Result "1-0"]
[WhiteElo "2751"]
[BlackElo "2347"]
[PlyCount "57"]
[EventDate "2017.01.24"]
[EventType "swiss"]
[EventRounds "10"]
[EventCountry "GGB"]
[SourceTitle "CBM 177"]
[Source "ChessBase"]
[SourceDate "2017.03.16"]
[SourceVersion "1"]
[SourceVersionDate "2017.03.16"]
[SourceQuality "1"]

1. c4 e5 2. g3 h6 3. Bg2 Nf6 4. Nc3 Bb4 5. Nf3 Bxc3 6. bxc3 Nc6 7. 0-0 0-0 8. d3 e4 9. dxe4 Nxe4 10. Nd4 Nf6 11. Rb1 Re8 12. c5 Nxd4 13. cxd4 d5 14. cxd6 cxd6 15. Bf4 d5 16. Qd3 Qe7 17. Rb2 Be6 18. a4 Qd7 19. a5 Bh3 20. Rc1 Bxg2 21. Kxg2 Rac8 22. Rcb1 Qa4 23. Rxb7 Qxa5 24. Be5 Ng4 25. Qf5 Nxe5 26. dxe5 Rc7 27. Rb8 Qa4 28. e6 d4 29. R1b5 1-0

[Event "EU-Cup 32nd"]
[Site "Novi Sad"]
[Date "2016.11.06"]
[Round "1.2"]
[White "Navara, David"]
[Black "Vuilleumier, Alexandre"]
[Result "1-0"]
[WhiteElo "2725"]
[BlackElo "2350"]
[PlyCount "51"]
[EventDate "2016.11.06"]
[EventType "team-swiss"]
[EventRounds "7"]
[EventCountry "SRB"]
[SourceTitle "CBM 176"]
[Source "ChessBase"]
[SourceDate "2017.01.17"]
[SourceVersion "1"]
[SourceVersionDate "2017.01.17"]
[SourceQuality "1"]
[WhiteTeam "Novy Bor"]
[BlackTeam "Geneve"]
[WhiteTeamCountry "CZE"]
[BlackTeamCountry "SUI"]

1. e4 d6 2. d4 Nf6 3. Nc3 e5 4. Nf3 exd4 5. Nxd4 g6 6. f3 Bg7 7. Bg5 h6 8. Be3 d5 9. e5 Nh7 10. f4 c5 11. Ndb5 d4 12. Nd6+ Kf8 13. Bc4 Be6 14. Bxe6 fxe6 15. Qg4 Qe7 16. Nd5 Qd7 17. Qxg6 Nc6 18. Nf6 Nxf6 19. exf6 dxe3 20. 0-0-0 Nd4 21. c3 Ne2+ 22. Kb1 Nxf4 23. Qg4 Bxf6 24. Qxf4 Qh7+ 25. Ka1 Kg7 26. Qg3+ 1-0

[Event "SUI-chT"]
[Site "Switzerland"]
[Date "2016.08.28"]
[Round "7.5"]
[White "Vuilleumier, Alexandre"]
[Black "Atlas, Valeri"]
[Result "1-0"]
[WhiteElo "2366"]
[BlackElo "2456"]
[PlyCount "64"]
[EventDate "2016.03.20"]
[EventType "team-tourn"]
[EventRounds "9"]
[EventCountry "SUI"]
[SourceTitle "EXT 2017"]
[Source "ChessBase"]
[SourceDate "2016.10.25"]
[SourceVersion "1"]
[SourceVersionDate "2016.10.25"]
[SourceQuality "1"]
[WhiteTeam "Geneve"]
[BlackTeam "Luzern"]
[WhiteTeamCountry "SUI"]
[BlackTeamCountry "SUI"]

1. e4 c5 2. Nf3 e6 3. c3 Nf6 4. e5 Nd5 5. d4 cxd4 6. cxd4 d6 7. Bc4 Nc6 8. 0-0 Be7 9. Qe2 0-0 10. Rd1 b6 11. Bd2 Bb7 12. Nc3 Nxc3 13. Bxc3 d5 14. Bd3 Nb4 15. Bxb4 Bxb4 16. Qc2 g6 17. Qc1 Be7 18. Qh6 Re8 19. h4 Bf8 20. Qf4 Bg7 21. h5 Rf8 22. hxg6 hxg6 23. Qg4 Qe7 24. g3 Bh6 25. Kg2 Kg7 26. Rh1 Rh8 27. Rh4 f5 28. exf6+ Qxf6 29. Ne5 g5 30. f4 Rag8 31. Rf1 Qe7 32. fxg5 Bxg5 1-0

[Event "SUI-ch 116th"]
[Site "Flims"]
[Date "2016.07.15"]
[Round "9"]
[White "Vuilleumier, Alexandre"]
[Black "Studer, Noel"]
[Result "0-1"]
[WhiteElo "2362"]
[BlackElo "2462"]
[PlyCount "98"]
[EventDate "2016.07.07"]
[EventType "tourn"]
[EventRounds "9"]
[EventCountry "SUI"]
[EventCategory "9"]
[SourceTitle "CBM 173 Extra"]
[Source "ChessBase"]
[SourceDate "2016.08.29"]
[SourceVersion "1"]
[SourceVersionDate "2016.08.29"]
[SourceQuality "1"]

1. e4 e6 2. d4 d5 3. Nc3 Nf6 4. e5 Nfd7 5. f4 c5 6. Nf3 Nc6 7. Be3 a6 8. Qd2 b5 9. dxc5 Bxc5 10. Bd3 Qb6 11. Bf2 Bb7 12. 0-0 h6 13. Rae1 Bxf2+ 14. Qxf2 Qxf2+ 15. Rxf2 Nc5 16. Rd2 b4 17. Ne2 g5 18. fxg5 hxg5 19. Nxg5 Rh5 20. Nf3 Nxe5 21. Nxe5 Rxe5 22. Rf1 Ne4 23. Rdd1 Ke7 24. Rf4 Rg8 25. a3 bxa3 26. bxa3 Nc5 27. Rb1 Ba8 28. Ng3 Rc8 29. Rbf1 f5 30. Rh4 Rf8 31. Rh7+ Kd6 32. Ra7 f4 33. Bxa6 Re3 34. Bb5 e5 35. Nf5+ Rxf5 36. Rxa8 Rc3 37. Rc8 d4 38. a4 Rg5 39. Rc1 e4 40. a5 f3 41. Bf1 Kd7 42. Rf8 d3 43. h4 Rg7 44. a6 Nxa6 45. Bxd3 exd3 46. Rd1 Rxg2+ 47. Kh1 Rgxc2 48. Rxf3 Nc5 49. h5 Rc4 0-1

[Event "SUI-ch 116th"]
[Site "Flims"]
[Date "2016.07.08"]
[Round "2"]
[White "Vuilleumier, Alexandre"]
[Black "Kurmann, Oliver"]
[Result "0-1"]
[WhiteElo "2362"]
[BlackElo "2447"]
[PlyCount "112"]
[EventDate "2016.07.07"]
[EventType "tourn"]
[EventRounds "9"]
[EventCountry "SUI"]
[EventCategory "9"]
[SourceTitle "CBM 173 Extra"]
[Source "ChessBase"]
[SourceDate "2016.08.29"]
[SourceVersion "1"]
[SourceVersionDate "2016.08.29"]
[SourceQuality "1"]

1. d4 Nf6 2. Nf3 e6 3. Bf4 c5 4. c3 Nc6 5. e3 d5 6. Nbd2 Bd6 7. Bg3 0-0 8. Bb5 Bxg3 9. hxg3 Qd6 10. Qa4 cxd4 11. cxd4 Bd7 12. 0-0 Qb4 13. Qxb4 Nxb4 14. Be2 Rfc8 15. a3 Nc6 16. Rfc1 Kf8 17. b4 a5 18. b5 Na7 19. a4 Rxc1+ 20. Rxc1 Rc8 21. Rxc8+ Nxc8 22. Ne5 Be8 23. Nb3 b6 24. f3 Ke7 25. Kf2 Nd7 26. Nxd7 Kxd7 27. e4 f6 28. Ke3 Bg6 29. Nd2 Nd6 30. Bd1 h5 31. Bb3 dxe4 32. fxe4 e5 33. Bd5 exd4+ 34. Kxd4 Kc7 35. Nb1 Ne8 36. Nc3 Kd6 37. Nd1 Kc7 38. Nc3 Kd6 39. Nd1 Kc7 40. Nf2 Kd6 41. Nd3 Nc7 42. Bg8 Kd7 43. Nb2 Kc8 44. Nc4 Kb7 45. Nd6+ Kb8 46. Bb3 Ne8 47. Nc4 Kc7 48. Ne3 Nd6 49. Bd5 Nc8 50. Be6 Ne7 51. Nc4 Be8 52. e5 Bg6 53. Ne3 Bb1 54. Bh3 Ba2 55. Nd1 f5 56. Nc3 Bb3 0-1

[Event "SUI-ch 116th"]
[Site "Flims"]
[Date "2016.07.07"]
[Round "1"]
[White "Kosteniuk, Alexandra"]
[Black "Vuilleumier, Alexandre"]
[Result "1-0"]
[WhiteElo "2549"]
[BlackElo "2362"]
[PlyCount "85"]
[EventDate "2016.07.07"]
[EventType "tourn"]
[EventRounds "9"]
[EventCountry "SUI"]
[EventCategory "9"]
[SourceTitle "CBM 173 Extra"]
[Source "ChessBase"]
[SourceDate "2016.08.29"]
[SourceVersion "1"]
[SourceVersionDate "2016.08.29"]
[SourceQuality "1"]

1. e4 c5 2. Nf3 d6 3. d4 cxd4 4. Nxd4 Nf6 5. Nc3 g6 6. Be3 Bg7 7. f3 0-0 8. Qd2 Nc6 9. 0-0-0 d5 10. exd5 Nxd5 11. Nxc6 bxc6 12. Bd4 Bxd4 13. Qxd4 Qb6 14. Na4 Qc7 15. Bc4 Rd8 16. Nc5 Bf5 17. Bb3 Nf4 18. Qf2 h5 19. g3 Nd5 20. Rd4 Nf6 21. Rhd1 Kg7 22. Qd2 Rxd4 23. Qxd4 Rc8 24. Qc4 Rf8 25. Qd4 Rc8 26. a3 e5 27. Qc3 Re8 28. Na6 Qb6 29. Nc5 Qc7 30. Kb1 Nd7 31. Nd3 Bxd3 32. Rxd3 Nb6 33. Qc5 Rc8 34. Re3 Re8 35. f4 f6 36. a4 Nd7 37. Qc3 a5 38. Bd5 c5 39. Bf3 Nb6 40. Qxa5 Re7 41. Qb5 Nc8 42. Rc3 exf4 43. Qxc5 1-0

[Event "Francophone-ch rapid 3rd"]
[Site "Geneve"]
[Date "2016.07.02"]
[Round "5"]
[White "Riff, Jean Noel"]
[Black "Vuilleumier, Alexandre"]
[Result "0-1"]
[WhiteElo "2494"]
[BlackElo "2362"]
[PlyCount "94"]
[EventDate "2016.07.02"]
[EventType "swiss (rapid)"]
[EventRounds "15"]
[EventCountry "SUI"]
[SourceTitle "CBM 173 Extra"]
[Source "ChessBase"]
[SourceDate "2016.08.29"]
[SourceVersion "1"]
[SourceVersionDate "2016.08.29"]
[SourceQuality "1"]

1. e4 c5 2. Nf3 d6 3. Bb5+ Bd7 4. Bxd7+ Qxd7 5. 0-0 Nf6 6. Qe2 Nc6 7. c3 e5 8. Rd1 Be7 9. d4 Qc7 10. Na3 a6 11. dxc5 dxc5 12. Nc4 0-0 13. Bg5 Rfd8 14. Bxf6 Bxf6 15. Ne3 Ne7 16. a4 Rxd1+ 17. Rxd1 Rd8 18. Rxd8+ Qxd8 19. Qc4 Qd6 20. h3 h5 21. Kf1 g6 22. Ke2 Kf8 23. Ne1 Nc6 24. Nd3 Be7 25. Qd5 b5 26. axb5 axb5 27. b3 Ke8 28. Kd2 Qxd5 29. exd5 Na5 30. Kc2 e4 31. Ne5 Bg5 32. d6 Bxe3 33. d7+ Ke7 34. Nxf7 Nc6 35. d8Q+ Nxd8 36. Nxd8 Bxf2 37. Nc6+ Kd6 38. Na7 b4 39. c4 Ke5 40. Kd2 Bh4 41. Ke2 Kd4 42. Nb5+ Ke5 43. Nc7 Bd8 44. Nd5 Kd4 45. Nf4 Kc3 46. Nxg6 Kxb3 47. Ne5 Kc2 0-1

[Event "Francophone-ch rapid 3rd"]
[Site "Geneve"]
[Date "2016.07.02"]
[Round "8"]
[White "Vuilleumier, Alexandre"]
[Black "Efimov, Igor"]
[Result "1/2-1/2"]
[WhiteElo "2362"]
[BlackElo "2374"]
[PlyCount "125"]
[EventDate "2016.07.02"]
[EventType "swiss (rapid)"]
[EventRounds "15"]
[EventCountry "SUI"]
[SourceTitle "CBM 173 Extra"]
[Source "ChessBase"]
[SourceDate "2016.08.29"]
[SourceVersion "1"]
[SourceVersionDate "2016.08.29"]
[SourceQuality "1"]

1. e4 c5 2. Nf3 Nc6 3. Bb5 e6 4. 0-0 Nge7 5. Re1 a6 6. Bf1 d5 7. exd5 Nxd5 8. d4 Be7 9. dxc5 0-0 10. c4 Nf6 11. Nc3 Bxc5 12. Be3 Bxe3 13. Rxe3 Qc7 14. Rc1 Rd8 15. Rd3 Bd7 16. Nd5 exd5 17. cxd5 Nxd5 18. Rxd5 Be6 19. Rxd8+ Rxd8 20. Qa4 Qb6 21. b3 h6 22. Bc4 Bxc4 23. Qxc4 Qa5 24. a4 Qd5 25. h3 Qxc4 26. bxc4 Nb4 27. c5 Rd5 28. Rc4 a5 29. Nd4 Kf8 30. g4 g6 31. Kg2 Ke8 32. Kf3 h5 33. Ke4 Rd7 34. gxh5 gxh5 35. c6 Re7+ 36. Kf3 Kd8 37. cxb7 Rxb7 38. Rc5 Rd7 39. Nf5 Rd3+ 40. Ke2 Rxh3 41. Rxa5 Nc6 42. Ra8+ Kd7 43. Rh8 Ra3 44. Rxh5 Rxa4 45. Rh7 Ke6 46. Ne3 Ne5 47. Rh8 Ra2+ 48. Kf1 Nd3 49. Rh2 Nf4 50. Rh6+ f6 51. Kg1 Ne2+ 52. Kg2 Nc3 53. Kf3 Ra5 54. Rh8 Kf7 55. Rc8 Nb5 56. Rb8 Nd4+ 57. Ke4 Ra4 58. Rb7+ Kg6 59. Nd5 Nf5+ 60. Rb4 Ra2 61. Nf4+ Kg5 62. Ne6+ Kg6 63. Nf4+ 1/2-1/2

[Event "FRA-chT Top 12"]
[Site "Drancy"]
[Date "2016.06.06"]
[Round "10.7"]
[White "Vuilleumier, Alexandre"]
[Black "Anic, Darko"]
[Result "1/2-1/2"]
[WhiteElo "2384"]
[BlackElo "2381"]
[PlyCount "33"]
[EventDate "2016.05.28"]
[EventType "team-tourn"]
[EventRounds "11"]
[EventCountry "FRA"]
[SourceTitle "CBM 172 Extra"]
[Source "ChessBase"]
[SourceDate "2016.06.21"]
[SourceVersion "1"]
[SourceVersionDate "2016.06.21"]
[SourceQuality "1"]
[WhiteTeam "Bois Colombes"]
[BlackTeam "Chalons en Champagne"]
[WhiteTeamCountry "FRA"]
[BlackTeamCountry "FRA"]

1. e4 e5 2. Nf3 Nc6 3. Nc3 Nf6 4. Bb5 Bb4 5. 0-0 0-0 6. d3 d6 7. Ne2 Ne7 8. c3 Ba5 9. Ng3 c6 10. Ba4 Ng6 11. d4 h6 12. h3 Bc7 13. Bc2 Re8 14. Be3 d5 15. Nxe5 Nxe5 16. dxe5 Nxe4 17. Nxe4 1/2-1/2

[Event "FRA-chT Top 12"]
[Site "Drancy"]
[Date "2016.06.01"]
[Round "5.7"]
[White "Leconte, Maria"]
[Black "Vuilleumier, Alexandre"]
[Result "1-0"]
[WhiteElo "2217"]
[BlackElo "2384"]
[PlyCount "62"]
[EventDate "2016.05.28"]
[EventType "team-tourn"]
[EventRounds "11"]
[EventCountry "FRA"]
[SourceTitle "CBM 172 Extra"]
[Source "ChessBase"]
[SourceDate "2016.06.21"]
[SourceVersion "1"]
[SourceVersionDate "2016.06.21"]
[SourceQuality "1"]
[WhiteTeam "Saint Quentin"]
[BlackTeam "Bois Colombes"]
[WhiteTeamCountry "FRA"]
[BlackTeamCountry "FRA"]

1. e4 c5 2. Nf3 d6 3. d4 cxd4 4. Qxd4 a6 5. Be3 Nc6 6. Qd2 Nf6 7. Nc3 e6 8. 0-0-0 Qc7 9. Bf4 Ne5 10. Nxe5 dxe5 11. Bxe5 Qa5 12. Bd6 Nd7 13. f4 Bxd6 14. Qxd6 Qc5 15. Be2 Qxd6 16. Rxd6 Ke7 17. Rhd1 b5 18. e5 Ra7 19. a4 bxa4 20. Nxa4 g5 21. g3 gxf4 22. gxf4 Rg8 23. Bf3 Rc7 24. b3 Nc5 25. Nxc5 Rxc5 26. b4 Rc7 27. Kb2 Rg6 28. R1d4 Rh6 29. h4 f6 30. h5 Bb7 31. Be2 Bc6 1-0

[Event "Maastricht Limburg op-A 10th"]
[Site "Maastricht"]
[Date "2016.05.14"]
[Round "2"]
[White "Gharamian, Tigran"]
[Black "Vuilleumier, Alexandre"]
[Result "1-0"]
[WhiteElo "2627"]
[BlackElo "2384"]
[PlyCount "67"]
[EventDate "2016.05.13"]
[EventType "swiss"]
[EventRounds "7"]
[EventCountry "NED"]
[SourceTitle "CBM 172 Extra"]
[Source "ChessBase"]
[SourceDate "2016.06.21"]
[SourceVersion "1"]
[SourceVersionDate "2016.06.21"]
[SourceQuality "1"]

1. e4 e5 2. Nf3 Nc6 3. Bb5 f5 4. Nc3 fxe4 5. Nxe4 Nf6 6. Nxf6+ Qxf6 7. Qe2 Be7 8. Bxc6 bxc6 9. d4 Qg6 10. 0-0 d6 11. Qc4 d5 12. Qb3 e4 13. Ne5 Qe6 14. Qa4 0-0 15. Qxc6 Qxc6 16. Nxc6 Bd6 17. Be3 a5 18. Bd2 Rf5 19. Nxa5 Rh5 20. g3 Bg4 21. Nb3 Rf8 22. Be3 g5 23. Rfe1 Rf6 24. Nd2 Rfh6 25. Nf1 Bh3 26. a4 Bb4 27. c3 Ba5 28. b4 Bb6 29. a5 Ba7 30. b5 Kf7 31. Rec1 Ke6 32. c4 Bxf1 33. Kxf1 dxc4 34. d5+ 1-0